Villes hotes des JO - Statistiques

Statistiques générales
  • Ce quiz a été pris 103 fois
  • Le résultat moyen est 24 sur 58
Statistiques - réponses
Hint Réponse % Correct
2028 Los Angeles
80%
2024 Paris
80%
1896 Athènes
79%
2020 Tokyo
79%
2012 Londres
77%
1900 Paris
73%
2016 Rio de Janeiro
73%
2008 Pékin
71%
1992 Barcelone
68%
1924 Paris
68%
2004 Athènes
66%
1936 Berlin
66%
2000 Sydney
63%
1996 Atlanta
55%
2032 Brisbane
54%
1972 Munich
50%
2022 Pékin
50%
1960 Rome
50%
1988 Séoul
50%
2014 Sotchi
50%
2010 Vancouver
50%
1980 Moscou
48%
1968 Mexico
46%
2026 Milan–Cortina
46%
1908 Londres
43%
1984 Los Angeles
43%
1992 Albertville
41%
1904 Saint-Louis
41%
1920 Anvers
38%
1948 Londres
38%
1976 Montréal
38%
1928 Amsterdam
36%
1924 Chamonix
36%
1968 Grenoble
36%
1956 Melbourne
34%
1912 Stockholm
34%
1964 Tokyo
34%
2006 Turin
34%
2002 Salt Lake City
32%
1952 Helsinki
30%
1932 Los Angeles
29%
1998 Nagano
27%
2018 Pyeongchang
25%
1994 Lillehammer
23%
2034 Salt Lake City
21%
1984 Sarajevo
18%
1988 Calgary
16%
1976 Innsbruck
16%
1980 Lake Placid
16%
1952 Oslo
16%
1928 Saint-Moritz
14%
1972 Sapporo
14%
1956 Cortina d’Ampezzo
13%
1964 Innsbruck
13%
1948 Saint-Moritz
11%
1936 Garmisch-Partenkirchen
9%
1932 Lake Placid
9%
1960 Squaw Valley
7%
Aucun quiz correspondant
Distribution des résultats
% des personnes avec chaque résultat
Percentile par nombre de réponses
Votre historique - résultats
Vous n’avez pas pris ce quiz